| 000 | 00774nam a22002057a 4500 | ||
|---|---|---|---|
| 999 |
_c4713 _d4713 |
||
| 005 | 20251125232756.0 | ||
| 008 | s2539 th tha d | ||
| 020 | _a9742681708 | ||
| 040 | _aNALT | ||
| 041 | _atha | ||
| 050 | _aDS589.B3 ช172ห 2539 | ||
| 100 | 0 | _aชมพูนุช เกิดเปี่ยม | |
| 245 | 1 | 0 | _aเหลือเพียงชื่อ |
| 260 | 3 |
_aกรุงเทพฯ : _bศูนย์พัฒนาหนังสือ กรมวิชาการ กระทรวงศึกษาธิการ, _c2539 |
|
| 300 |
_a35 หน้า : _b ภาพประกอบ ; _c 21 ซม. |
||
| 650 | 0 | 4 | _aบางมด |
| 850 | _aNALT | ||
| 856 | 4 | 0 | _uhttps://hdl.handle.net/20.500.14156/386106 |
| 942 |
_cGB _2lcc |
||